000 00865cam a2200277 a 4500
001 34044
003 BD-RjUL
005 20211209052110.0
008 140512s1984 coua b 001 0 eng
020 _a0865316716 (pbk.)
035 _a(BD-RjUL)34138
040 _aDLC
_cDLC
_dBD-RjUL
_beng
041 _aeng
082 0 0 _a301.3
_219
_bSOC 1984
245 0 0 _aSociological human ecology :
_bcontemporary issues and applications /
_cedited by Michael Micklin and Harvey M. Choldin.
260 _aBoulder :
_bWestview Press,
_c1984.
300 _axiv, 454 p. :
_bill. ;
_c24 cm.
504 _aIncludes bibliographies and indexes.
650 0 _aHuman ecology.
_9103462
650 0 _aSociology.
_9103463
700 1 _aMicklin, Michael.
_9103464
700 1 _aCholdin, Harvey M.
_9103465
942 _2ddc
_cBK
999 _c34044
_d34044